Industrial Relations Trade Unions and labour Legislation (Record no. 3443)

MARC details
000 -LEADER
fixed length control field 00436nam a22001697a 4500
005 - DATE AND TIME OF LATEST TRANSACTION
control field 20210927141850.0
008 - FIXED-LENGTH DATA ELEMENTS--GENERAL INFORMATION
fixed length control field 160621b xxu||||| |||| 00| 0 eng d
020 ## - INTERNATIONAL STANDARD BOOK NUMBER
ISBN 978-81-7758-813-2
041 ## - LANGUAGE CODE
Language code of text/sound track or separate title eng
082 ## - DEWEY DECIMAL CLASSIFICATION NUMBER
Item number 8818
Classification number 331
100 ## - MAIN ENTRY--AUTHOR NAME
Personal name Sinha, P.P.N and others
245 ## - TITLE STATEMENT
Title Industrial Relations Trade Unions and labour Legislation
260 ## - PUBLICATION, DISTRIBUTION, ETC. (IMPRINT)
Name of publisher Pearsen
Year of publication 2009
300 ## - PHYSICAL DESCRIPTION
Number of Pages 613
650 ## - SUBJECT ADDED ENTRY--TOPICAL TERM
Topical Term Management
942 ## - ADDED ENTRY ELEMENTS (KOHA)
Koha item type Books
Holdings
Lost status Damaged status Collection code Home library Current library Shelving location Date acquired Full call number Accession Number Koha item type
    MANAGEMENT JRU Library JRU Library SHELF-72-E 21/06/2016 331 8818 Books
    MANAGEMENT JRU Library JRU Library SHELF-72-E 21/06/2016 331 8819 Books
    MANAGEMENT JRU Library JRU Library SHELF-72-E 21/06/2016 331 8820 Books
    Reference JRU Library   SHELF-28-E 21/06/2016 331 8821 Books
    MANAGEMENT JRU Library JRU Library SHELF-72-E 21/06/2016 331 8822 Books
    MANAGEMENT JRU Library JRU Library SHELF-72-E 21/06/2016 331 8823 Books